[Event "London Classic op"]
[Site "London"]
[Date "2017.12.07"]
[Round "7"]
[White "Newton, Andrew"]
[Black "Dror, Levi L"]
[Result "1-0"]
[WhiteElo "1886"]
[BlackElo "1677"]
[PlyCount "87"]
[EventDate "2017.12.02"]
[EventType "swiss"]
[EventRounds "9"]
[EventCountry "ENG"]
[SourceTitle "CBM 182 Extra"]
[Source "ChessBase"]
[SourceDate "2018.02.23"]
[SourceVersion "1"]
[SourceVersionDate "2018.02.23"]
[SourceQuality "1"]

1. d4 Nf6 2. c4 g6 3. Nc3 Bg7 4. e4 d6 5. Nf3 0-0 6. Be2 e5 7. Be3 Nc6 8. d5 Ne7 9. Nd2 Nd7 10. b4 f5 11. f3 f4 12. Bf2 a5 13. bxa5 Rxa5 14. Nb3 Ra8 15. c5 g5 16. a4 Nf6 17. cxd6 cxd6 18. a5 Ng6 19. Nb5 h5 20. Bb6 Qe7 21. Nc7 Rb8 22. Ba7 Qxc7 23. Rc1 Qe7 24. Bxb8 Bd7 25. Ba7 g4 26. Bf2 h4 27. Rc7 g3 28. hxg3 fxg3 29. Be3 Qd8 30. Qc1 Nh5 31. Bg5 Qe8 32. Bxh4 Ngf4 33. Bf1 Bh6 34. Qc2 Ng6 35. Bxg3 Nxg3 36. Rxh6 Ba4 37. Rhh7 Nf4 38. Rc8 Kxh7 39. Rxe8 Bxe8 40. Qc7+ Rf7 41. Qxd6 Kg7 42. Qe6 Nxf1 43. Qxe8 Re7 44. Qxe7+ 1-0

[Event "London Classic op 7th"]
[Site "London"]
[Date "2015.12.06"]
[Round "4"]
[White "Dror, Levi L"]
[Black "Edwards, Simon R"]
[Result "1-0"]
[WhiteElo "1798"]
[BlackElo "1945"]
[PlyCount "37"]
[EventDate "2015.12.04"]
[EventType "swiss"]
[EventRounds "9"]
[EventCountry "ENG"]
[SourceTitle "CBM 169 Extra"]
[Source "ChessBase"]
[SourceDate "2015.12.18"]
[SourceVersion "1"]
[SourceVersionDate "2015.12.18"]
[SourceQuality "1"]

1. e4 c5 2. Nf3 g6 3. d4 cxd4 4. Nxd4 Bg7 5. Nc3 Nc6 6. Be3 Nf6 7. Qd2 Qa5 8. f3 0-0 9. Bc4 Qb4 10. Nxc6 bxc6 11. Bb3 Ba6 12. g4 d5 13. a3 Qa5 14. g5 Nd7 15. exd5 Ne5 16. Kf2 Rab8 17. dxc6 Rfd8 18. Nd5 Rxb3 19. Qxa5 1-0

[Event "London Classic op 6th"]
[Site "London"]
[Date "2014.12.13"]
[Round "7"]
[White "White, David J"]
[Black "Dror, Levi L"]
[Result "1-0"]
[WhiteElo "1891"]
[BlackElo "1824"]
[PlyCount "119"]
[EventDate "2014.12.08"]
[EventType "swiss"]
[EventRounds "9"]
[EventCountry "ENG"]
[SourceTitle "CBM 163 Extra"]
[Source "ChessBase"]
[SourceDate "2014.12.23"]
[SourceVersion "1"]
[SourceVersionDate "2014.12.23"]
[SourceQuality "1"]

1. e4 c5 2. c3 Nf6 3. e5 Nd5 4. d4 e6 5. Nf3 cxd4 6. Bc4 Nb6 7. Bb3 dxc3 8. Nxc3 Nc6 9. 0-0 d5 10. exd6 Bxd6 11. Nb5 Bb8 12. Qe2 0-0 13. Bg5 Qe8 14. Rfd1 Bd7 15. Rac1 a6 16. Nd6 Bxd6 17. Rxd6 Nc8 18. Rd2 N8e7 19. Rcd1 Rd8 20. Ne5 Nxe5 21. Qxe5 f6 22. Bxe6+ Kh8 23. Qc7 fxg5 24. Rxd7 Rxd7 25. Qxd7 Nc6 26. Bb3 Qe2 27. Rf1 Na5 28. Qd6 Qe8 29. Bc2 Qd8 30. Qc5 Nc6 31. Rd1 Qf6 32. h3 Re8 33. Ba4 Rc8 34. Rd7 Qxb2 35. Bxc6 bxc6 36. Qxg5 Rg8 37. a4 Qa1+ 38. Kh2 Qxa4 39. h4 h6 40. Qh5 Qf4+ 41. Kg1 Rb8 42. g3 Qe4 43. Kh2 Rf8 44. Rf7 Rg8 45. g4 Qh7 46. g5 hxg5 47. Qxg5 Qh6 48. Qg3 Rd8 49. Kg2 c5 50. Rc7 Kh7 51. Rxc5 Qf6 52. Rh5+ Kg8 53. Qb3+ Kf8 54. Rh8+ Ke7 55. Qe3+ Kf7 56. Qa7+ Kg6 57. h5+ Kg5 58. Qc5+ Qf5 59. Qxf5+ Kxf5 60. Rxd8 1-0

[Event "London Classic op 5th"]
[Site "London"]
[Date "2013.12.14"]
[Round "8"]
[White "Calvert, David Ian"]
[Black "Dror, Levi L"]
[Result "1/2-1/2"]
[WhiteElo "2002"]
[BlackElo "1835"]
[PlyCount "53"]
[EventDate "2013.12.07"]
[EventType "swiss"]
[EventRounds "9"]
[EventCountry "ENG"]
[SourceTitle "CBM 157 Extra"]
[Source "ChessBase"]
[SourceDate "2013.12.19"]
[SourceVersion "1"]
[SourceVersionDate "2013.12.19"]
[SourceQuality "1"]

1. b3 Nc6 2. Bb2 d6 3. e3 Nf6 4. Nf3 g6 5. Bxf6 exf6 6. c4 Bg7 7. Nc3 Bf5 8. d4 0-0 9. Rc1 Re8 10. Bd3 Bxd3 11. Qxd3 f5 12. 0-0 Nb4 13. Qb1 a5 14. a3 Na6 15. b4 axb4 16. axb4 c6 17. b5 Nc7 18. Qb3 Qd7 19. Ra1 Ne6 20. Rxa8 Rxa8 21. Rb1 f4 22. Ne4 fxe3 23. fxe3 Re8 24. Ned2 Qe7 25. bxc6 bxc6 26. Qb7 Nd8 27. Qxe7 1/2-1/2

[Event "London Classic op 5th"]
[Site "London"]
[Date "2013.12.07"]
[Round "1"]
[White "Persson, Mats"]
[Black "Dror, Levi L"]
[Result "1-0"]
[WhiteElo "2250"]
[BlackElo "1835"]
[PlyCount "49"]
[EventDate "2013.12.07"]
[EventType "swiss"]
[EventRounds "9"]
[EventCountry "ENG"]
[SourceTitle "CBM 157 Extra"]
[Source "ChessBase"]
[SourceDate "2013.12.19"]
[SourceVersion "1"]
[SourceVersionDate "2013.12.19"]
[SourceQuality "1"]

1. e4 e6 2. d4 d5 3. Nc3 Bb4 4. e5 c5 5. a3 Bxc3+ 6. bxc3 Ne7 7. h4 Qc7 8. Nf3 Nbc6 9. h5 Bd7 10. h6 g6 11. g4 Rc8 12. Bg5 cxd4 13. Bf6 0-0 14. cxd4 Rfe8 15. Qd2 Na5 16. Bd3 Ba4 17. 0-0 Qc3 18. Qf4 Qc7 19. Rfe1 Nc4 20. Bg5 f5 21. exf6 Qxf4 22. Bxf4 Nc6 23. Bxc4 dxc4 24. c3 Kh8 25. Ng5 1-0

[Event "IECG L1.2000.0.00008 email"]
[Site "IECG email"]
[Date "2000.01.12"]
[Round "?"]
[White "Dror, Levi L"]
[Black "Malmstroem, Jan"]
[Result "1/2-1/2"]
[WhiteElo "2054"]
[BlackElo "2101"]
[PlyCount "87"]
[EventDate "2000.01.12"]
[EventType "tourn (corr)"]
[EventRounds "14"]
[SourceTitle "Corr 2008"]
[Source "ChessBase"]
[SourceDate "2008.06.24"]
[SourceVersion "1"]
[SourceVersionDate "2008.06.24"]
[SourceQuality "1"]

1. e4 e5 2. Nf3 Nc6 3. Bb5 a6 4. Ba4 Nf6 5. 0-0 Be7 6. Re1 b5 7. Bb3 d6 8. c3 0-0 9. h3 Nb8 10. d4 Nbd7 11. Nbd2 Bb7 12. Bc2 Re8 13. Nf1 Bf8 14. Ng3 g6 15. a4 Bg7 16. d5 Qb8 17. b3 c6 18. c4 bxc4 19. bxc4 Qc7 20. Be3 Rec8 21. Rc1 a5 22. Bd3 Rab8 23. Re2 Ba6 24. c5 Bxd3 25. Qxd3 dxc5 26. d6 Qb6 27. Rec2 Qb3 28. Qxb3 Rxb3 29. Bxc5 Bh6 30. Rd1 Bf4 31. Rc4 Bxg3 32. fxg3 Rcb8 33. Kh2 h5 34. Ng5 Kf8 35. Ba7 R8b4 36. Rxc6 Rxa4 37. Rc7 Kg8 38. Rf1 Rb2 39. Rxf6 Nxf6 40. Rxf7 Nxe4 41. d7 Rd2 42. Nxe4 Rxe4 43. Re7 Ree2 44. Bb6 1/2-1/2

[Event "IECG L1.2000.0.00008 email"]
[Site "IECG email"]
[Date "2000.01.12"]
[Round "?"]
[White "Dror, Levi L"]
[Black "Nava Baro, Enrique"]
[Result "1/2-1/2"]
[WhiteElo "2054"]
[BlackElo "2118"]
[PlyCount "49"]
[EventDate "2000.01.12"]
[EventType "tourn (corr)"]
[EventRounds "14"]
[SourceTitle "Corr 2008"]
[Source "ChessBase"]
[SourceDate "2008.06.24"]
[SourceVersion "1"]
[SourceVersionDate "2008.06.24"]
[SourceQuality "1"]

1. d4 Nf6 2. c4 g6 3. Nf3 d5 4. Nc3 Bg7 5. Bg5 Ne4 6. Bh4 Nxc3 7. bxc3 dxc4 8. Qa4+ Qd7 9. Qxc4 b6 10. Qb3 Ba6 11. e3 Bxf1 12. Kxf1 Nc6 13. Ke2 e5 14. dxe5 0-0 15. Rad1 Qf5 16. Rd5 Rae8 17. Bg3 Nxe5 18. Bxe5 Bxe5 19. Rhd1 Qf6 20. Nxe5 Rxe5 21. Rd7 Rfe8 22. R1d3 R5e7 23. Qa4 Rxd7 24. Qxd7 Re7 25. Qd4 1/2-1/2

[Event "IECG C1.1999.0.00186"]
[Site "IECG email"]
[Date "1999.06.10"]
[Round "?"]
[White "Starace, Umberto"]
[Black "Dror, Levi L"]
[Result "1/2-1/2"]
[WhiteElo "2055"]
[BlackElo "2076"]
[PlyCount "63"]
[EventDate "1999.02.15"]
[EventType "tourn (corr)"]
[EventRounds "6"]
[SourceTitle "Corr 2008"]
[Source "ChessBase"]
[SourceDate "2008.06.24"]
[SourceVersion "1"]
[SourceVersionDate "2008.06.24"]
[SourceQuality "1"]

1. e4 c5 2. Nf3 d6 3. d4 cxd4 4. Nxd4 Nf6 5. Nc3 Nc6 6. Bg5 e6 7. Qd2 a6 8. 0-0-0 h6 9. Bf4 Bd7 10. Nxc6 Bxc6 11. f3 d5 12. Qe1 Bb4 13. a3 Ba5 14. b4 Bb6 15. exd5 Bxd5 16. Be5 0-0 17. Kb1 Bc7 18. Bd4 a5 19. Nxd5 exd5 20. b5 Re8 21. Qc3 Rc8 22. Qb2 Qe7 23. Bd3 Be5 24. Rhe1 Bxd4 25. Rxe7 Bxb2 26. Rxe8+ Rxe8 27. Kxb2 b6 28. Kc3 Kf8 29. Kd4 Ke7 30. Rc1 Kd6 31. c4 dxc4 32. Bxc4 1/2-1/2

[Event "IECG C1.1999.0.00186"]
[Site "IECG email"]
[Date "1999.02.19"]
[Round "?"]
[White "Rose, Robert E"]
[Black "Dror, Levi L"]
[Result "1/2-1/2"]
[WhiteElo "1800"]
[BlackElo "2076"]
[PlyCount "62"]
[EventDate "1999.02.15"]
[EventType "tourn (corr)"]
[EventRounds "6"]
[SourceTitle "Corr 2008"]
[Source "ChessBase"]
[SourceDate "2008.06.24"]
[SourceVersion "1"]
[SourceVersionDate "2008.06.24"]
[SourceQuality "1"]

1. e4 c5 2. Nc3 Nc6 3. g3 g6 4. Bg2 Bg7 5. d3 d6 6. f4 e6 7. Nf3 Nge7 8. 0-0 0-0 9. Be3 Nd4 10. Qd2 Rb8 11. Rab1 b5 12. Qf2 Nxf3+ 13. Bxf3 b4 14. Ne2 Bb7 15. c3 Ba6 16. c4 Qc7 17. Bg2 Rfc8 18. b3 f5 19. Kh1 Bb7 20. Rbd1 Qa5 21. Ng1 d5 22. exd5 exd5 23. Qc2 Re8 24. Bd2 d4 25. a3 Bxg2+ 26. Kxg2 Nc6 27. a4 Re7 28. Rde1 Rbe8 29. Rxe7 Rxe7 30. Re1 Qc7 31. Nf3 Rxe1 1/2-1/2